<?xml version="1.0" encoding="UTF-8"?><?xml-stylesheet type="text/xsl" href="static/style.xsl"?><OAI-PMH xmlns="http://www.openarchives.org/OAI/2.0/" xmlns:xsi="http://www.w3.org/2001/XMLSchema-instance" xsi:schemaLocation="http://www.openarchives.org/OAI/2.0/ http://www.openarchives.org/OAI/2.0/OAI-PMH.xsd"><responseDate>2026-06-01T06:16:48Z</responseDate><request verb="GetRecord" identifier="oai:riuma.uma.es:10630/33890" metadataPrefix="marc">https://riuma.uma.es/rest/oai/request</request><GetRecord><record><header><identifier>oai:riuma.uma.es:10630/33890</identifier><datestamp>2026-03-18T08:00:07Z</datestamp><setSpec>com_10630_2254</setSpec><setSpec>col_10630_37953</setSpec></header><metadata><record xmlns="http://www.loc.gov/MARC21/slim" xmlns:dcterms="http://purl.org/dc/terms/" xmlns:doc="http://www.lyncode.com/xoai" xmlns:xsi="http://www.w3.org/2001/XMLSchema-instance" xsi:schemaLocation="http://www.loc.gov/MARC21/slim http://www.loc.gov/standards/marcxml/schema/MARC21slim.xsd">
   <leader>00925njm 22002777a 4500</leader>
   <datafield ind2=" " ind1=" " tag="042">
      <subfield code="a">dc</subfield>
   </datafield>
   <datafield ind2=" " ind1=" " tag="720">
      <subfield code="a">Rando-Burgos, Esther</subfield>
      <subfield code="e">author</subfield>
   </datafield>
   <datafield ind2=" " ind1=" " tag="260">
      <subfield code="c">2020</subfield>
   </datafield>
   <datafield ind2=" " ind1=" " tag="520">
      <subfield code="a">El cambio climático y la degradación del medio ambiente constituyen, desafortunadamente, una amenaza a nivel mundial. Europa, en un firme propósito por superar los retos que supone, aboga por una nueva estrategia de crecimiento capaz de transformarla en una economía moderna, eficiente en el uso de los recursos y competitiva, con un triple objetivo de partida: dejar de producir emisiones netas de gases de efecto invernadero en 2050; un crecimiento económico disociado del uso de recursos; que ninguna persona ni lugar se queden atrás. El logro de una economía sostenible en la Unión Europea toma, en principio, como hoja de ruta el Pacto Verde Europeo, pero trata de ir más allá en su propósito de ser climáticamente neutra en 2050, para lo que se ha propuesto una Ley Europea del Clima que convierta el actual compromiso político en una obligación legal.</subfield>
   </datafield>
   <datafield ind1="8" ind2=" " tag="024">
      <subfield code="a">Rando Burgos, E. (2021). El Pacto Verde Europeo como antesala de la Ley Europea del Clima. Bioderecho.es, (12), 7 págs. https://doi.org/10.6018/bioderecho.460611</subfield>
   </datafield>
   <datafield ind1="8" ind2=" " tag="024">
      <subfield code="a">https://hdl.handle.net/10630/33890</subfield>
   </datafield>
   <datafield ind1="8" ind2=" " tag="024">
      <subfield code="a">10.6018/bioderecho.460611</subfield>
   </datafield>
   <datafield tag="653" ind2=" " ind1=" ">
      <subfield code="a">Cambio climático</subfield>
   </datafield>
   <datafield ind2="0" ind1="0" tag="245">
      <subfield code="a">El pacto verde europeo como antesala de la Ley Europea del Clima</subfield>
   </datafield>
</record>
</metadata></record></GetRecord></OAI-PMH>